000 00879nam0a22002771 4500
001 rc\4874087
005 20250613024209.0
021 _aRU
_b[62-67870]
035 _a(NLR Aleph) 008912576
090 _a8773218
_c8773218
100 _a20130426d1962 |||y0rusy50 ca
101 0 _arus
102 _aRU
105 _aa z |||||
200 1 _aГипотонические состояния
210 _aЛенинград
_cМедгиз. [Ленингр. отд-ние]
_d1962
215 _a203 с., 1 л. ил.
_cил.
_d22
320 _aБиблиогр.: с. 192-202
606 _aГипотония
_2psbo
700 1 _7ca
_8rus
_aМолчанов
_bН. С.
_f1899-1972
_gНиколай Семенович
_9216848
_3RU\NLR\AUTH\770216904
801 0 _aRU
_bNLR
_gpsbo
801 1 _aRU
_bELAR
_2rusmarc
852 _aNLR
_j62-5/4685
942 _cBOOK
980 _aNB